| 000 | 00473cam a2200181ua 4500 | ||
|---|---|---|---|
| 001 | 11381 | ||
| 008 | 190917n xxk |||gr||||Z||||||eng | ||
| 020 | _a9787737612038 | ||
| 040 | _cMAIN | ||
| 082 | _a820.82 | ||
| 100 |
_a Ruth Robbins, _eAuthor., |
||
| 245 |
_aLiterary Feminism _cBy Ruth Robbins |
||
| 260 |
_aLondon : _bPalgrave Macmillan, _c2017. |
||
| 300 | _a290p. | ||
| 653 | _aEnglish.& Old English literatures | ||
| 653 | _aFeminism in Literature | ||
| 942 | _cBK | ||
| 999 |
_c10223 _d10223 |
||